| 000 | 01447cam a2200301 4500 | ||
|---|---|---|---|
| 008 | 000000n2003 000 0 eng u | ||
| 020 | _a0199266190 | ||
| 035 | _a(Sirsi) u122663 | ||
| 041 | _aeng | ||
| 050 |
_a346.410438 _c18 |
||
| 100 | _aAbbey, Robert | ||
| 245 | 2 | _aA practical approach to commercial conveyancing and property | |
| 250 | _a2nd ed. | ||
| 260 |
_aLondon _bBlackstone Press _c2003 |
||
| 300 |
_axxxvi, 511p. _c23cm. |
||
| 350 | _a36.95 | ||
| 520 | _aSecond edition of this accessible guide to the complex and diverse area of commercial conveyancing and property. Provides practical solutions to many of the commonplace difficulties encountered, checklists as models of procedure, and precedent clauses and forms. Also covers key developments in commercial property law and practice over the last two years such as the Land Registration Act 2002 and the updated "Code of practice for commercial leases in England and Wales". Essential reading for surveyors, conveyancers, agents and the legal profession. With tables of cases, statutes and statutory instruments. | ||
| 520 | _aSuperceded by third edition (ISBN:019928945). | ||
| 650 | _aCOMMERCIAL LEASES | ||
| 650 | _aCOVENANTS | ||
| 650 | _aCONVEYANCING | ||
| 650 | _aPROPERTY TRANSACTIONS | ||
| 650 | _aCONVEYANCERS | ||
| 650 | _aLANDLORD AND TENANT ACT 1954 | ||
| 690 | _aPROPERTY AND LAND LAW-CONVEYANCING | ||
| 700 | _aRichards, Mark | ||
| 942 | _n0 | ||
| 999 |
_c102901 _d102901 |
||